The Bengali reaction to Christian missionary activities, 1833-1857/ (Record no. 20098)
[ view plain ]
| 000 -LEADER | |
|---|---|
| fixed length control field | 00843cam a22002651 4500 |
| 001 - CONTROL NUMBER | |
| control field | 7062977 |
| 003 - CONTROL NUMBER IDENTIFIER | |
| control field | BDDh-ASL |
| 005 - DATE AND TIME OF LATEST TRANSACTION | |
| control field | 20231015025838.0 |
| 008 - FIXED-LENGTH DATA ELEMENTS--GENERAL INFORMATION | |
| fixed length control field | 820819s1965 bg b 000 0 eng |
| 010 ## - LIBRARY OF CONGRESS CONTROL NUMBER | |
| LC control number | sa 66000654 |
| 035 ## - SYSTEM CONTROL NUMBER | |
| System control number | (OCoLC)8704033 |
| 040 ## - CATALOGING SOURCE | |
| Original cataloging agency | DLC |
| Transcribing agency | MoU |
| Modifying agency | DLC |
| -- | BDDh-ASL |
| 042 ## - AUTHENTICATION CODE | |
| Authentication code | premarc |
| 050 00 - LIBRARY OF CONGRESS CALL NUMBER | |
| Classification number | BV3280.B4 |
| Item number | A6 |
| 082 ## - DEWEY DECIMAL CLASSIFICATION NUMBER | |
| Classification number | 271 |
| Item number | MUB |
| 100 1# - MAIN ENTRY--PERSONAL NAME | |
| Personal name | Ali, Muhammad Mohar. |
| 245 14 - TITLE STATEMENT | |
| Title | The Bengali reaction to Christian missionary activities, 1833-1857/ |
| 260 ## - PUBLICATION, DISTRIBUTION, ETC. | |
| Place of publication, distribution, etc. | Chittagong: |
| Name of publisher, distributor, etc. | Mehrub Publications, |
| Date of publication, distribution, etc. | 1965. |
| 300 ## - PHYSICAL DESCRIPTION | |
| Extent | xii, 243 p. |
| Dimensions | 23 cm. |
| 500 ## - GENERAL NOTE | |
| General note | "Thesis approved for the degree of doctor of philosophy of the University of London, May, 1963." |
| 504 ## - BIBLIOGRAPHY, ETC. NOTE | |
| Bibliography, etc. note | Bibliography: p. [211]-232. |
| 650 #0 - SUBJECT ADDED ENTRY--TOPICAL TERM | |
| Topical term or geographic name entry element | Missions |
| Geographic subdivision | Bengal. |
| 906 ## - LOCAL DATA ELEMENT F, LDF (RLIN) | |
| a | 7 |
| b | cbc |
| c | oclcrpl |
| d | u |
| e | ncip |
| f | 19 |
| g | y-gencatlg |
| 942 ## - ADDED ENTRY ELEMENTS (KOHA) | |
| Source of classification or shelving scheme | Dewey Decimal Classification |
| Koha item type | Books |
| Withdrawn status | Lost status | Source of classification or shelving scheme | Damaged status | Not for loan | Collection code | Home library | Current library | Shelving location | Date acquired | Source of acquisition | Total Checkouts | Full call number | Barcode | Date last seen | Copy number | Price effective from | Koha item type |
|---|---|---|---|---|---|---|---|---|---|---|---|---|---|---|---|---|---|
| Dewey Decimal Classification | Non-fiction | Asiatic Society Library | Asiatic Society Library | General Stacks | 12/25/2020 | ASB Collection | 271 MUB | 103505 | 12/25/2020 | C-1 | 12/25/2020 | Books | |||||
| Dewey Decimal Classification | Non-fiction | Asiatic Society Library | Asiatic Society Library | General Stacks | 12/25/2020 | ASB Collection | 271 MUB | 103506 | 12/25/2020 | C-2 | 12/25/2020 | Books |